| 000 | 00961nmm a2200289 a 4500 | ||
|---|---|---|---|
| 001 | ocm000571059 | ||
| 003 | TR-IsHL | ||
| 005 | 20201028120038.0 | ||
| 008 | 130625s2008 tu tur | ||
| 007 | cr cn | ||
| 020 | _a9789759088231 | ||
| 035 |
_a571059 _b(N$T) |
||
| 050 | 0 | 4 |
_aPG3367.T9 _bH39 2008 |
| 090 | 0 | 4 |
_aPG3367.T9 _bH39 2008 |
| 100 | 1 | _aTolstoy, Lev Nikolayeviç | |
| 245 | 1 | 0 |
_aHayat üzerine düşünceler _h[electronic resource] / _cLev Nikolayeviç Tolstoy ; ed. Derya Günay |
| 250 | _a4. bs. | ||
| 260 |
_aİstanbul : _bAkvaryum Yayınları, _c2008 |
||
| 300 | _a192 p. | ||
| 650 | 4 | _aFelsefe, Psikoloji ve Din | |
| 650 | 4 | _aPhilosophy, Psychology and Religion | |
| 650 | 0 | _aRus romanı | |
| 650 | 0 | _aRussian fiction | |
| 650 | 7 |
_aLITERARY COLLECTIONS / Russian & Former Soviet Union _2bisacsh |
|
| 700 | 1 | _aGünay, Derya | |
| 856 | 4 | 0 | _uhttp://search.ebscohost.com/login.aspx?direct=true&scope=site&db=e011xww&AN=571059 |
| 999 |
_c576 _d576 |
||